| 000 | 00550nam a2200181Ia 4500 | ||
|---|---|---|---|
| 008 | 160319s9999 xx 000 0 und d | ||
| 020 | _a9622582257 | ||
| 050 | _a959.921 | ||
| 050 | _bK19 1998 vol.2 | ||
| 245 | _aKasaysayan : the story of the Filipino people. | ||
| 245 | _bThe earliest Filipinos / | ||
| 260 | _bAsia Pub. Co. Ltd. | ||
| 260 | _c1998 | ||
| 300 | _a303 pages : | ||
| 300 | _bill. (some col.) ; | ||
| 300 | _c29 cm. | ||
| 650 | _aPhilippines -- History.Philippines -- History -- Chronology.Philippines -- Social conditions. | ||
| 999 |
_c292274 _d292274 |
||